[Event "Budapest Statisztika 10"]
[Site "Budapest"]
[Date "1993.??.??"]
[Round "4"]
[White "Medvegy, Zoltan"]
[Black "Kraschl, Joerg"]
[Result "1/2-1/2"]
[WhiteElo "2285"]
[BlackElo "2225"]
[EventDate "1993.10.??"]
[PlyCount "101"]

1.e4 c5 2.Nf3 d6 3.d4 cxd4 4.Nxd4 Nf6 5.Nc3 e6 6.Bd3 Nc6 7.Be3 Be7 8.O-O 
O-O 9.f4 Nxd4 10.Bxd4 e5 11.Be3 Ng4 12.Qe2 Nxe3 13.Qxe3 exf4 14.Qxf4 Bf6 
15.Kh1 Bxc3 16.bxc3 Be6 17.Rf3 Rc8 18.Rd1 Rc5 19.Rg3 Re5 20.Be2 Qe7 21.Rd4
f5 22.Qd2 Rxe4 23.Rxe4 fxe4 24.Qd4 Bxa2 25.Qxa7 Bd5 26.Qd4 Rf5 27.Kg1 Re5 
28.Bc4 Bxc4 29.Qxc4+ Qf7 30.Qd4 Qe6 31.Re3 d5 32.h3 h6 33.Qa7 Qc6 34.Qd4 
Re7 35.Rg3 b6 36.Qb4 Qc5+ 37.Qxc5 bxc5 38.Rg6 Rd7 39.Kf2 Kf7 40.Rc6 c4 41.
Ke3 Ke7 42.Rg6 Kd8 43.Kd4 Kc7 44.Ke3 Re7 45.Ra6 Kd7 46.Kd4 Re6 47.Ra7+ Kd6
48.Ra6+ Kd7 49.Ra7+ Kc6 50.Ra6+ Kd7 51.Ra7+ 1/2-1/2

[Event "Budapest Statisztika 10"]
[Site "Budapest"]
[Date "1993.??.??"]
[Round "5"]
[White "Kraschl, Joerg"]
[Black "Anka, Emil"]
[Result "0-1"]
[WhiteElo "2230"]
[BlackElo "2395"]
[EventDate "1993.10.??"]
[PlyCount "68"]

1.g3 e5 2.c4 Nc6 3.Bg2 g6 4.Nc3 Bg7 5.e4 d6 6.d3 Nge7 7.Nge2 O-O 8.O-O Be6
9.h3 Qd7 10.Kh2 f5 11.Nd5 Rf7 12.f4 Raf8 13.Be3 Nc8 14.exf5 gxf5 15.d4 
exd4 16.Nxd4 Nxd4 17.Bxd4 c6 18.Re1 b5 19.Bxg7 Rxg7 20.cxb5 Bxd5 21.Bxd5+ 
cxd5 22.Qxd5+ Qf7 23.Qd4 Qf6 24.Qxf6 Rxf6 25.a4 d5 26.Rad1 Rd7 27.Rd4 Kf7 
28.Rc1 Ne7 29.a5 Re6 30.Rd2 Re4 31.Ra1 Rb7 32.b6 axb6 33.a6 Ra7 34.Rc2 b5 
0-1

[Event "Budapest Statisztika 10"]
[Site "Budapest"]
[Date "1993.??.??"]
[Round "5"]
[White "Lorincz, Istvan"]
[Black "Medvegy, Zoltan"]
[Result "1-0"]
[WhiteElo "2355"]
[BlackElo "2285"]
[EventDate "1993.10.??"]
[PlyCount "149"]

1.d4 Nf6 2.Nf3 e6 3.c4 b6 4.a3 Ba6 5.Qc2 d5 6.cxd5 exd5 7.Bg5 Be7 8.Nc3 
O-O 9.Rd1 Re8 10.Bxf6 Bxf6 11.e3 Bxf1 12.Kxf1 Qd7 13.h3 g6 14.g3 c6 15.Kg2
Bg7 16.Rd2 f5 17.Rc1 Qe6 18.Ne2 Qe4 19.h4 a5 20.a4 Ra7 21.Qb3 Rb7 22.Rdc2 
Qe6 23.Nf4 Qd6 24.Nd3 Ree7 25.Qa3 Qe6 26.b4 axb4 27.Qxb4 Rec7 28.Qd2 Nd7 
29.Nb4 Nb8 30.Qd3 Qd6 31.Na6 Nxa6 32.Qxa6 Qd7 33.a5 bxa5 34.Qxa5 Qe6 35.
Qa6 Qe4 36.Qe2 Rb6 37.Rb2 Rcb7 38.Rxb6 Rxb6 39.Qa2 h6 40.Rxc6 Rxc6 41.Qa8+
Kh7 42.Qxc6 g5 43.hxg5 hxg5 44.Qe6 g4 45.Qxe4 dxe4 46.Nh4 Bf8 47.Nxf5 Kg6 
48.Nh4+ Kf6 49.Kf1 Bb4 50.Ke2 Ba5 51.Kd1 Bb4 52.Ng2 Ke6 53.Nf4+ Kd6 54.Ng6
Ke6 55.Ne5 Kf5 56.Nc4 Ke6 57.Nd2 Kd5 58.Kc2 Ba5 59.Nf1 Ke6 60.Nh2 Kf5 61.
Kb3 Be1 62.Kc4 Bxf2 63.Nf1 Be1 64.d5 Ba5 65.Kb5 Bd8 66.Kc6 Bg5 67.Kc7 Ke5 
68.d6 Kd5 69.d7 Kc4 70.d8=Q Bxd8+ 71.Kxd8 Kd3 72.Ke7 Ke2 73.Kf6 Kxf1 74.
Kf5 Kf2 75.Kf4 1-0

[Event "Budapest Statisztika 10"]
[Site "Budapest"]
[Date "1993.??.??"]
[Round "5"]
[White "Niklasch, Oliver"]
[Black "Palkovi, Jozsef"]
[Result "1/2-1/2"]
[WhiteElo "2245"]
[BlackElo "2405"]
[EventDate "1993.10.??"]
[PlyCount "104"]

1.c4 c5 2.Nc3 Nc6 3.g3 g6 4.Bg2 Bg7 5.a3 d6 6.Rb1 a5 7.e3 e5 8.Nge2 Be6 9.
d3 h5 10.h4 Nh6 11.Nd5 O-O 12.Nec3 f5 13.Bd2 Rf7 14.b4 axb4 15.axb4 cxb4 
16.Nxb4 f4 17.Ne4 Nxb4 18.Rxb4 f3 19.Bf1 Bf5 20.Ng5 Rf8 21.e4 Bg4 22.Bh3 
Bxh3 23.Nxh3 Qd7 24.Ng5 Rf6 25.Qb1 Nf7 26.Be3 Nd8 27.Kd2 Bf8 28.Rc1 d5 29.
exd5 Bxb4+ 30.Qxb4 Rfa6 31.Bc5 Ra4 32.Qb3 Nf7 33.Ne4 Qf5 34.Qxb7 g5 35.Qe7
gxh4 36.Qxh4 Qg6 37.Nf6+ Kg7 38.Nxh5+ Kg8 39.Nf6+ Kg7 40.Ne4 R8a6 41.d6 
Ra8 42.Qe7 Ra2+ 43.Rc2 Qh6+ 44.Be3 Qh1 45.Qf6+ Kg8 46.Nc3 Ra1 47.d4 e4 48.
Qg6+ Kf8 49.Qxe4 Qe1+ 50.Kd3 Qf1+ 51.Kd2 Qe1+ 52.Kd3 Qf1+ 1/2-1/2

[Event "Budapest Statisztika 10"]
[Site "Budapest"]
[Date "1993.??.??"]
[Round "5"]
[White "Schneider, Attila"]
[Black "Varga, Peter"]
[Result "1/2-1/2"]
[WhiteElo "2355"]
[BlackElo "2315"]
[EventDate "1993.10.??"]
[PlyCount "23"]

1.d4 d5 2.c4 c6 3.Nf3 Nf6 4.Nc3 dxc4 5.e3 b5 6.a4 b4 7.Na2 e6 8.Bxc4 Bb7 
9.O-O Be7 10.Qe2 O-O 11.Rd1 a5 12.Bd2 1/2-1/2

[Event "Budapest Statisztika 10"]
[Site "Budapest"]
[Date "1993.??.??"]
[Round "5"]
[White "Szabolcsi, Janos"]
[Black "Hansen, Lars Henrik Bech"]
[Result "1-0"]
[WhiteElo "2380"]
[BlackElo "2210"]
[EventDate "1993.10.??"]
[PlyCount "63"]

1.d4 d6 2.Nf3 g6 3.g3 Bg7 4.Bg2 Nf6 5.O-O O-O 6.c4 Nbd7 7.Qc2 c6 8.Rd1 Qc7
9.e4 e5 10.h3 Re8 11.dxe5 dxe5 12.c5 Nf8 13.Be3 Be6 14.Nbd2 N6d7 15.Bf1 h6
16.Nc4 Bxc4 17.Bxc4 Ne6 18.b4 a5 19.a3 axb4 20.axb4 Rxa1 21.Rxa1 Nd4 22.
Qd1 Nf6 23.Bxd4 exd4 24.e5 Nd7 25.e6 fxe6 26.Nxd4 Bxd4 27.Qxd4 Qe5 28.Qxe5
Nxe5 29.Be2 Nd7 30.Bd3 Nf8 31.Ra7 Re7 32.Ba6 1-0

[Event "Budapest Statisztika 10"]
[Site "Budapest"]
[Date "1993.??.??"]
[Round "5"]
[White "Wohlfahrt, Herbert J"]
[Black "Koerholz, Ludger"]
[Result "1-0"]
[WhiteElo "2230"]
[BlackElo "2295"]
[EventDate "1993.10.??"]
[PlyCount "89"]

1.Nf3 Nf6 2.g3 g6 3.b3 Bg7 4.Bb2 O-O 5.Bg2 d6 6.d4 Nbd7 7.O-O c6 8.Nbd2 
Qc7 9.e4 Re8 10.Re1 e5 11.Nc4 Nb6 12.Nxb6 axb6 13.a4 Bg4 14.h3 Bd7 15.Qd3 
Rad8 16.Rad1 d5 17.Nxe5 Nxe4 18.Nxd7 Qxd7 19.Re2 Ng5 20.h4 Rxe2 21.Qxe2 
Re8 22.Qd2 Ne4 23.Qf4 Nd6 24.Kf1 Qe6 25.Qd2 Ne4 26.Qd3 Qf5 27.Qf3 Qe6 28.
Kg1 Bh6 29.Qe2 Qf5 30.g4 Qd7 31.Qf3 Bf8 32.Bh3 Bd6 33.Kg2 Qe7 34.g5 h6 35.
Re1 hxg5 36.h5 f5 37.hxg6 g4 38.Bxg4 fxg4 39.Qxg4 Qg7 40.f3 Nf6 41.Rxe8+ 
Nxe8 42.Qe6+ Kf8 43.Bc1 Nc7 44.Qxd6+ Qe7 45.g7+ 1-0

[Event "Budapest Statisztika 10"]
[Site "Budapest"]
[Date "1993.??.??"]
[Round "6"]
[White "Hansen, Lars Henrik Bech"]
[Black "Schneider, Attila"]
[Result "0-1"]
[WhiteElo "2210"]
[BlackElo "2355"]
[EventDate "1993.10.??"]
[PlyCount "78"]

1.e4 c5 2.Nf3 d6 3.Bb5+ Bd7 4.Bxd7+ Qxd7 5.O-O Nc6 6.c4 Nf6 7.d3 g6 8.Nc3 
Bg7 9.Be3 Ng4 10.Bf4 O-O 11.Qd2 f5 12.h3 e5 13.Bg5 fxe4 14.Nxe4 Rxf3 15.
gxf3 Nd4 16.Kg2 Nh2 17.f4 Nxf1 18.Rxf1 Rf8 19.fxe5 Nf3 20.Qe3 Bxe5 21.Nf6+
Bxf6 22.Qxf3 Bxg5 23.Qd5+ Qf7 24.Qxg5 Qf3+ 25.Kh2 Qxd3 26.Qc1 Rf3 27.Kg2 
Qe4 28.Qh6 Rb3+ 29.Kg1 Rxb2 30.Qg5 Kg7 31.Qg3 Qe5 32.Qg4 Re2 33.Rd1 Re1+ 
34.Rxe1 Qxe1+ 35.Kg2 Qe8 36.Kf1 b5 37.Qd1 Qc6 38.Qa1+ Kf7 39.cxb5 Qh1+ 0-1

[Event "Budapest Statisztika 10"]
[Site "Budapest"]
[Date "1993.??.??"]
[Round "6"]
[White "Koerholz, Ludger"]
[Black "Szabolcsi, Janos"]
[Result "1-0"]
[WhiteElo "2295"]
[BlackElo "2380"]
[EventDate "1993.10.??"]
[PlyCount "91"]

1.d4 d5 2.c4 c6 3.Nc3 Nf6 4.Bg5 Ne4 5.Nxe4 dxe4 6.Qd2 g6 7.e3 Bg7 8.Ne2 
O-O 9.Nc3 f5 10.Be2 Qe8 11.f3 exf3 12.Bxf3 e5 13.O-O Nd7 14.Bh4 Bh6 15.d5 
Nb6 16.b3 e4 17.Be2 cxd5 18.c5 d4 19.Qxd4 Bg7 20.Qb4 Nd7 21.Rac1 Ne5 22.
Rfd1 Nc6 23.Qa3 Be6 24.Nb5 Be5 25.Nd6 Qb8 26.b4 a6 27.Bc4 Bxc4 28.Rxc4 Qc7
29.Qb3 Kh8 30.a4 Qg7 31.Rc2 a5 32.b5 Nb4 33.Rcd2 Nd3 34.Rxd3 exd3 35.Qxd3 
g5 36.Be1 b6 37.Nc4 Bf6 38.cxb6 Rad8 39.Qe2 f4 40.exf4 Rxd1 41.Qxd1 Bd4+ 
42.Kh1 Rxf4 43.Bg3 Rf8 44.b7 Qxb7 45.Qxd4+ Kg8 46.h3 1-0

[Event "Budapest Statisztika 10"]
[Site "Budapest"]
[Date "1993.??.??"]
[Round "6"]
[White "Kraschl, Joerg"]
[Black "Lorincz, Istvan"]
[Result "0-1"]
[WhiteElo "2225"]
[BlackElo "2355"]
[EventDate "1993.10.??"]
[PlyCount "144"]

1.Nf3 Nf6 2.c4 e6 3.g3 b6 4.Bg2 Bb7 5.Nc3 c5 6.O-O Be7 7.d4 cxd4 8.Qxd4 
O-O 9.Rd1 d6 10.b3 Nbd7 11.e4 a6 12.Ba3 Nc5 13.e5 dxe5 14.Qxe5 Qc8 15.Na4 
Ncd7 16.Qb2 Bxa3 17.Qxa3 b5 18.Nb2 Be4 19.Qd6 Qb7 20.Ne1 Rfc8 21.Rac1 Bxg2
22.Nxg2 Rc6 23.Qd4 Rac8 24.Ne3 h6 25.Rc2 e5 26.Qh4 e4 27.Qf4 Qc7 28.Qxc7 
R8xc7 29.Rdc1 b4 30.Rd1 Rc5 31.Kf1 Nb6 32.Rd8+ Kh7 33.Rcd2 Ra5 34.Nbd1 Rd7
35.R8xd7 Nfxd7 36.Ke2 Nc5 37.Nf1 Nd3 38.Rc2 Nd7 39.f3 N7c5 40.fxe4 Rxa2 
41.Rxa2 Nc1+ 42.Ke3 Nxa2 43.Nd2 Kg8 44.Kd4 Ne6+ 45.Ke5 Nc1 46.Nb2 Kf8 47.
Kd6 Ke8 48.Na4 Kd8 49.Nc5 Nxc5 50.Kxc5 Nd3+ 51.Kb6 Kd7 52.Kxa6 Kc6 53.Ka5 
Kc5 54.Nf3 g5 55.h4 g4 56.Nh2 Ne5 57.Nf1 h5 58.Ne3 f6 59.Nd5 Nxc4+ 60.bxc4
b3 61.Ka4 b2 62.Nc3 Kxc4 63.Nb1 Kd3 64.Kb3 Kxe4 65.Nd2+ Kd3 66.Nb1 Ke3 67.
Kxb2 Kf3 68.Kc2 Kxg3 69.Kd2 Kxh4 70.Ke2 Kg3 71.Nd2 f5 72.Kf1 Kh2 0-1

[Event "Budapest Statisztika 10"]
[Site "Budapest"]
[Date "1993.??.??"]
[Round "6"]
[White "Medvegy, Zoltan"]
[Black "Wohlfahrt, Herbert J"]
[Result "0-1"]
[WhiteElo "2285"]
[BlackElo "2230"]
[EventDate "1993.10.??"]
[PlyCount "82"]

1.e4 c5 2.Nf3 d6 3.d4 cxd4 4.Nxd4 Nf6 5.Nc3 a6 6.Be3 e5 7.Nb3 Be7 8.Be2 
Be6 9.Bf3 Nbd7 10.O-O O-O 11.h3 Rc8 12.Qd2 Nb6 13.Na5 Qc7 14.Rac1 Rfd8 15.
Rfd1 d5 16.Bxb6 Qxb6 17.Nxd5 Bxd5 18.exd5 e4 19.Bg4 Rxd5 20.Qe1 Rxd1 21.
Rxd1 Rxc2 22.Nb3 h5 23.Bf5 Bb4 24.Qe3 Qxe3 25.Rd8+ Bf8 26.fxe3 Rxb2 27.Nc5
Rb5 28.Ne6 fxe6 29.Bxe6+ Kh7 30.Rxf8 Kg6 31.Rb8 b6 32.g4 hxg4 33.hxg4 Kg5 
34.Bc4 Rb1+ 35.Kg2 Nxg4 36.Bxa6 Nxe3+ 37.Kf2 Ng4+ 38.Kg2 Rb2+ 39.Kg3 Nf6 
40.Bf1 Nh5+ 41.Kh3 Rf2 0-1

[Event "Budapest Statisztika 10"]
[Site "Budapest"]
[Date "1993.??.??"]
[Round "7"]
[White "Niklasch, Oliver"]
[Black "Hansen, Lars Henrik Bech"]
[Result "1/2-1/2"]
[WhiteElo "2245"]
[BlackElo "2210"]
[EventDate "1993.10.??"]
[PlyCount "37"]

1.d4 d5 2.c4 c6 3.Nf3 e6 4.Qc2 f5 5.g3 Nf6 6.Bg2 Bd6 7.O-O O-O 8.Bf4 Bxf4 
9.gxf4 b6 10.Na3 Bb7 11.Rfc1 Ne4 12.cxd5 exd5 13.Ne5 Rf6 14.f3 Nd6 15.Qd1 
Nc8 16.Rc2 Ne7 17.e3 Nd7 18.Nd3 Qe8 19.Bf1 1/2-1/2

[Event "Budapest Statisztika 10"]
[Site "Budapest"]
[Date "1993.??.??"]
[Round "7"]
[White "Palkovi, Jozsef"]
[Black "Varga, Peter"]
[Result "1-0"]
[WhiteElo "2405"]
[BlackElo "2315"]
[EventDate "1993.10.??"]
[PlyCount "59"]

1.e4 Nf6 2.e5 Nd5 3.d4 d6 4.Nf3 Nb6 5.a4 a5 6.Be2 g6 7.O-O Bg7 8.Bf4 O-O 
9.Re1 Nc6 10.exd6 cxd6 11.Nc3 Nb4 12.Qd2 Bf5 13.Rac1 e5 14.Bg5 f6 15.Be3 
Nc8 16.Red1 Ne7 17.dxe5 dxe5 18.Bc5 Qxd2 19.Rxd2 Rfe8 20.Bb5 Nec6 21.Nd5 
Nxd5 22.Rxd5 Be6 23.Rdd1 Bh6 24.Ra1 Kf7 25.Bb6 Rec8 26.c3 Ne7 27.Bd7 Rc4 
28.Rd6 Bd5 29.Rd1 Bc6 30.Be6+ 1-0

[Event "Budapest Statisztika 10"]
[Site "Budapest"]
[Date "1993.??.??"]
[Round "7"]
[White "Schneider, Attila"]
[Black "Koerholz, Ludger"]
[Result "1/2-1/2"]
[WhiteElo "2390"]
[BlackElo "2295"]
[EventDate "1993.10.??"]
[PlyCount "95"]

1.d4 Nf6 2.c4 c5 3.d5 g6 4.Nc3 Bg7 5.e4 d6 6.Nf3 O-O 7.h3 e6 8.Bd3 Na6 9.
O-O Nc7 10.a4 Na6 11.Be3 e5 12.Qd2 Nb4 13.Bb1 b6 14.Bg5 Qd7 15.Nh2 Nh5 16.
Ne2 f6 17.Bh6 Bxh6 18.Qxh6 Ba6 19.b3 Qg7 20.Qxg7+ Kxg7 21.g3 Bc8 22.Kg2 
Bd7 23.Nc3 a6 24.Na2 Nxa2 25.Rxa2 b5 26.cxb5 axb5 27.a5 Ra7 28.Bd3 f5 29.
f3 Nf6 30.g4 Rfa8 31.Rfa1 Ne8 32.exf5 gxf5 33.gxf5 Nc7 34.Be4 Kh8 35.Ng4 
Rf8 36.Ne3 Rg8+ 37.Kh2 Na6 38.Ng4 Nb4 39.Rg2 Be8 40.Rag1 Rxa5 41.Nh6 Rxg2+
42.Rxg2 Ra2 43.f6 Rxg2+ 44.Kxg2 Bg6 45.Bxg6 hxg6 46.Nf7+ Kg8 47.Nxd6 Nxd5 
48.Nxb5 1/2-1/2

[Event "Budapest Statisztika 10"]
[Site "Budapest"]
[Date "1993.??.??"]
[Round "7"]
[White "Szabolcsi, Janos"]
[Black "Medvegy, Zoltan"]
[Result "1-0"]
[WhiteElo "2380"]
[BlackElo "2285"]
[EventDate "1993.10.??"]
[PlyCount "65"]

1.d4 Nf6 2.c4 e6 3.Nf3 b6 4.Nc3 Bb4 5.g3 Bb7 6.Bg2 O-O 7.O-O d5 8.cxd5 
exd5 9.Ne5 Nbd7 10.Bg5 Be7 11.f4 Rc8 12.Bh3 Rb8 13.Qa4 Nxe5 14.fxe5 Ne4 
15.Bxe7 Qxe7 16.Qxa7 Qb4 17.Nxe4 dxe4 18.e3 Qxb2 19.e6 Bd5 20.e7 Rfe8 21.
Bd7 Ra8 22.Qxc7 Rxe7 23.Qd6 Qa3 24.Qxd5 Qxe3+ 25.Kh1 Rd8 26.Rac1 g6 27.Rc8
Rxc8 28.Bxc8 Qd3 29.Bh3 Ra7 30.Qe5 e3 31.Qb8+ Kg7 32.Qxa7 Qe4+ 33.Bg2 1-0

[Event "Budapest Statisztika 10"]
[Site "Budapest"]
[Date "1993.??.??"]
[Round "7"]
[White "Wohlfahrt, Herbert J"]
[Black "Kraschl, Joerg"]
[Result "1/2-1/2"]
[WhiteElo "2230"]
[BlackElo "2225"]
[EventDate "1993.10.??"]
[PlyCount "119"]

1.Nf3 Nf6 2.c4 g6 3.Nc3 Bg7 4.g3 O-O 5.Bg2 d6 6.O-O e5 7.d3 Nc6 8.Rb1 a5 
9.a3 h6 10.b4 axb4 11.axb4 Be6 12.b5 Ne7 13.Ne1 Qc8 14.Nc2 Bh3 15.Bd2 Bxg2
16.Kxg2 Nh7 17.Nb4 Qd7 18.Nbd5 Nf5 19.Ne4 Rab8 20.Qc1 Nd4 21.e3 Ne6 22.f4 
f5 23.Nf2 c6 24.bxc6 bxc6 25.Rxb8 Rxb8 26.Nb4 exf4 27.gxf4 g5 28.Qd1 gxf4 
29.exf4 Nxf4+ 30.Bxf4 Rxb4 31.Qc1 Qe6 32.Re1 Qg6+ 33.Kh1 Qh5 34.Qe3 Nf6 
35.Bxd6 Rb2 36.Rg1 Re2 37.Qg3 Ng4 38.Nxg4 fxg4 39.Qxg4 Qxg4 40.Rxg4 Kf7 
41.Rg3 Bd4 42.Rf3+ Kg6 43.Bf4 Kh5 44.Bg3 Rd2 45.h3 Kg6 46.Bf4 Re2 47.Rf1 
Kh5 48.Rf3 Kg6 49.Bd6 c5 50.Bf4 Kh5 51.Bg3 Kg6 52.Bd6 Kh5 53.Bxc5 Bxc5 54.
Rg3 Kh4 55.Rf3 Be3 56.c5 Bxc5 57.d4 Bxd4 58.Rf4+ Kg3 59.Rg4+ Kxh3 60.Rg3+ 
1/2-1/2

[Event "Budapest Statisztika 10"]
[Site "Budapest"]
[Date "1993.??.??"]
[Round "8"]
[White "Anka, Emil"]
[Black "Varga, Peter"]
[Result "1-0"]
[WhiteElo "2395"]
[BlackElo "2315"]
[EventDate "1993.10.??"]
[PlyCount "99"]

1.e4 Nf6 2.e5 Nd5 3.d4 d6 4.c4 Nb6 5.exd6 cxd6 6.d5 e5 7.Nc3 Be7 8.Be3 Bf5
9.Bd3 Bxd3 10.Qxd3 N8d7 11.b3 O-O 12.Nge2 Nf6 13.f3 Nbd7 14.O-O Re8 15.Ng3
g6 16.h3 h5 17.f4 exf4 18.Bxf4 Nc5 19.Qf3 h4 20.b4 Na6 21.Nge2 Nh5 22.Bd2 
f5 23.Nf4 Nxf4 24.Qxf4 Bf6 25.Nb5 Be5 26.Qh6 Qf6 27.Rac1 Rac8 28.Kh1 Nc7 
29.Nxa7 Ra8 30.Nb5 Nxb5 31.cxb5 Qg7 32.Qxh4 Rxa2 33.Bh6 Qf7 34.Qc4 Rb2 35.
b6 Qf6 36.Bf4 Bd4 37.Rfe1 Rxe1+ 38.Rxe1 Qh4 39.Qc8+ Kh7 40.Qc7+ Bg7 41.Rf1
g5 42.Bxd6 Qe4 43.Rg1 Kg6 44.Qxb7 Rb1 45.Qc6 Rxg1+ 46.Kxg1 Kh5 47.Qc7 Bd4+
48.Kh2 f4 49.Qf7+ Kh4 50.Qe6 1-0

[Event "Budapest Statisztika 10"]
[Site "Budapest"]
[Date "1993.??.??"]
[Round "8"]
[White "Hansen, Lars Henrik Bech"]
[Black "Palkovi, Jozsef"]
[Result "0-1"]
[WhiteElo "2210"]
[BlackElo "2405"]
[EventDate "1993.10.??"]
[PlyCount "66"]

1.e4 d5 2.exd5 Nf6 3.d4 Nxd5 4.c4 Nb6 5.Be3 g6 6.Bd3 Bg7 7.Nf3 Nc6 8.c5 
Nd5 9.Nc3 e5 10.Nxd5 exd4 11.Nxc7+ Qxc7 12.Bd2 O-O 13.O-O Bg4 14.h3 Bxf3 
15.Qxf3 Ne5 16.Qg3 Qxc5 17.Bf4 Nxd3 18.Qxd3 Qb6 19.b3 Rac8 20.Rac1 Qa5 21.
Rxc8 Rxc8 22.Qe4 Qb5 23.Re1 g5 24.Bc1 h6 25.h4 Bf6 26.hxg5 hxg5 27.f4 Rc7 
28.fxg5 Re7 29.Qh4 Bxg5 30.Bxg5 Rxe1+ 31.Qxe1 Qxg5 32.Qe8+ Kg7 33.Qe5+ 
Qxe5 0-1

[Event "Budapest Statisztika 10"]
[Site "Budapest"]
[Date "1993.??.??"]
[Round "8"]
[White "Koerholz, Ludger"]
[Black "Niklasch, Oliver"]
[Result "1/2-1/2"]
[WhiteElo "2295"]
[BlackElo "2245"]
[EventDate "1993.10.??"]
[PlyCount "31"]

1.c4 e6 2.g3 d5 3.Nf3 dxc4 4.Bg2 a6 5.Qc2 b5 6.Ne5 Ra7 7.a4 Bc5 8.O-O Qd6 
9.d4 Bxd4 10.Nf3 Bb6 11.Rd1 Qe7 12.Ne5 Nf6 13.b3 Bb7 14.Bxb7 Rxb7 15.axb5 
Qc5 16.bxa6 1/2-1/2

[Event "Budapest Statisztika 10"]
[Site "Budapest"]
[Date "1993.??.??"]
[Round "8"]
[White "Kraschl, Joerg"]
[Black "Szabolcsi, Janos"]
[Result "1/2-1/2"]
[WhiteElo "2225"]
[BlackElo "2380"]
[EventDate "1993.10.??"]
[PlyCount "97"]

1.g3 f5 2.c4 Nf6 3.Bg2 d6 4.Nc3 g6 5.e3 Bg7 6.Nge2 e5 7.d3 c6 8.O-O O-O 9.
b4 Be6 10.Qb3 d5 11.cxd5 Nxd5 12.Nxd5 e4 13.Nef4 Bf7 14.Bb2 Bxb2 15.Qxb2 
cxd5 16.dxe4 dxe4 17.f3 g5 18.Ne2 exf3 19.Bxf3 Nc6 20.Bxc6 bxc6 21.Nd4 Bg6
22.Ne6 Qf6 23.Qxf6 Rxf6 24.Nxg5 Rb8 25.Rf4 Rd6 26.Nf3 Rd3 27.Rc1 Rxe3 28.
Rxc6 Re2 29.a4 Ra2 30.b5 Rd8 31.Rc1 Rd3 32.Rf1 Rda3 33.Nh4 Rxa4 34.Rxa4 
Rxa4 35.Nxf5 Ra5 36.Ne7+ Kg7 37.Nxg6 Kxg6 38.Rb1 Ra2 39.Rb4 Kf6 40.Rf4+ 
Kg6 41.Rb4 Kg7 42.h3 Kg6 43.Rc4 Rb2 44.Rc5 Kf6 45.g4 Kg6 46.Kf1 Rh2 47.Rh5
a6 48.bxa6 Ra2 49.Rf5 1/2-1/2

[Event "Budapest Statisztika 10"]
[Site "Budapest"]
[Date "1993.??.??"]
[Round "8"]
[White "Lorincz, Istvan"]
[Black "Wohlfahrt, Herbert J"]
[Result "1/2-1/2"]
[WhiteElo "2375"]
[BlackElo "2240"]
[EventDate "1993.10.??"]
[PlyCount "114"]

1.d4 f5 2.g3 Nf6 3.Bg2 e6 4.Nf3 d5 5.O-O Bd6 6.c4 c6 7.b3 Qe7 8.Bb2 b6 9.
Ne5 Bb7 10.Nd2 O-O 11.e3 a5 12.f3 c5 13.Qe2 Nbd7 14.a4 Rad8 15.Rae1 Nb8 
16.Nd3 Nc6 17.dxc5 Bxc5 18.Nxc5 bxc5 19.e4 fxe4 20.cxd5 exd5 21.fxe4 Nb4 
22.Bxf6 Rxf6 23.Rxf6 Qxf6 24.exd5 Bxd5 25.Bxd5+ Nxd5 26.Nc4 Qd4+ 27.Kh1 
Nf6 28.Qe6+ Kh8 29.Ne5 Qd5+ 30.Qxd5 Rxd5 31.Re2 Rd1+ 32.Kg2 Rb1 33.Re3 
Rb2+ 34.Kf3 Rxh2 35.Rd3 h5 36.Nc4 Ng4 37.Kf4 Kh7 38.Nxa5 Nf6 39.Nb7 h4 40.
gxh4 Rxh4+ 41.Kf5 c4 42.bxc4 Rxc4 43.Rh3+ Kg8 44.Ra3 Rc7 45.Nd6 Nd5 46.a5 
Nb4 47.Re3 Rc6 48.Re8+ Kh7 49.Ne4 g6+ 50.Kg5 Kg7 51.Re7+ Kf8 52.Rb7 Nd5 
53.Rd7 Ne7 54.Nd6 Nf5 55.Nb7 Ra6 56.Rd5 Kf7 57.Rb5 Nd4 1/2-1/2

[Event "Budapest Statisztika 10"]
[Site "Budapest"]
[Date "1993.??.??"]
[Round "8"]
[White "Medvegy, Zoltan"]
[Black "Schneider, Attila"]
[Result "0-1"]
[WhiteElo "2285"]
[BlackElo "2355"]
[EventDate "1993.10.??"]
[PlyCount "66"]

1.e4 c5 2.Nf3 d6 3.d4 cxd4 4.Nxd4 Nf6 5.Nc3 a6 6.Be3 Ng4 7.Bg5 h6 8.Bh4 g5
9.Bg3 Bg7 10.Be2 h5 11.h4 Nc6 12.Nb3 gxh4 13.Rxh4 Be6 14.Qd2 Qb6 15.Bxg4 
Bxg4 16.Nd5 Qd8 17.f3 Be6 18.O-O-O a5 19.a4 b5 20.axb5 a4 21.Nc5 a3 22.
bxa3 Rxa3 23.Nb3 Na5 24.Qb4 Nxb3+ 25.cxb3 Ra1+ 26.Kd2 Ra2+ 27.Ke1 Bxd5 28.
exd5 Qb6 29.Kf1 Be5 30.Be1 Rxg2 31.Kxg2 Rg8+ 32.Bg3 Rxg3+ 33.Kh1 Qf2 0-1

[Event "Budapest Statisztika 10"]
[Site "Budapest"]
[Date "1993.??.??"]
[Round "9"]
[White "Niklasch, Oliver"]
[Black "Medvegy, Zoltan"]
[Result "1-0"]
[WhiteElo "2245"]
[BlackElo "2285"]
[EventDate "1993.10.??"]
[PlyCount "67"]

1.d4 Nf6 2.c4 e6 3.Nc3 Bb4 4.e3 O-O 5.Bd3 c5 6.Ne2 d5 7.a3 cxd4 8.exd4 Be7
9.cxd5 Nxd5 10.Bc2 Nc6 11.Qd3 g6 12.Bh6 Re8 13.Rd1 Bg5 14.Bxg5 Qxg5 15.O-O
b6 16.Ne4 Qe7 17.Ba4 Bb7 18.Qg3 Red8 19.Ng5 Kg7 20.Rfe1 Rac8 21.Nc3 Nxc3 
22.bxc3 Na5 23.Qh4 Qf6 24.Qxh7+ Kf8 25.Qh6+ Qg7 26.Qh4 Kg8 27.Re3 Nc4 28.
Rh3 Nxa3 29.Qf4 b5 30.Rh7 Qxh7 31.Nxh7 bxa4 32.Qh6 f5 33.Qxg6+ Kh8 34.Nf6 
1-0

[Event "Budapest Statisztika 10"]
[Site "Budapest"]
[Date "1993.??.??"]
[Round "9"]
[White "Palkovi, Jozsef"]
[Black "Koerholz, Ludger"]
[Result "0-1"]
[WhiteElo "2425"]
[BlackElo "2295"]
[EventDate "1993.10.??"]
[PlyCount "112"]

1.e4 c5 2.c3 d5 3.exd5 Qxd5 4.d4 Nf6 5.Nf3 e6 6.Na3 cxd4 7.Nb5 Qd8 8.Qxd4 
a6 9.Qxd8+ Kxd8 10.Nbd4 Bd6 11.Bg5 b6 12.O-O-O Kc7 13.Bc4 Bb7 14.Rhe1 Nbd7
15.Re2 Ne4 16.Be3 Ndc5 17.Rc2 g5 18.Nxg5 Nxg5 19.Bxg5 Rhg8 20.h4 Ne4 21.
Be3 Rxg2 22.f3 Rxc2+ 23.Kxc2 Ng3 24.Rg1 e5 25.Ne6+ fxe6 26.Rxg3 Bd5 27.Be2
b5 28.b3 Rd8 29.c4 bxc4 30.bxc4 Bb7 31.c5 Bf8 32.Rg5 e4 33.f4 Bd5 34.a4 
Kc6 35.Bxa6 Bxc5 36.Bb5+ Kd6 37.Bxc5+ Kxc5 38.Kc3 Rf8 39.Rg4 h5 40.Rg5 
Rxf4 41.Rxh5 Rf3+ 42.Kd2 Kd4 43.Rg5 Rh3 44.Rg4 Rh2+ 45.Ke1 Ke3 46.Rg3+ Kf4
47.Rg8 Rxh4 48.a5 Rh1+ 49.Ke2 Rh2+ 50.Ke1 Rb2 51.Be2 e3 52.Rf8+ Ke5 53.a6 
Rb1+ 54.Bd1 Bc4 55.Rc8 e2 56.Rc5+ Kd6 0-1

[Event "Budapest Statisztika 10"]
[Site "Budapest"]
[Date "1993.??.??"]
[Round "9"]
[White "Schneider, Attila"]
[Black "Kraschl, Joerg"]
[Result "1/2-1/2"]
[WhiteElo "2390"]
[BlackElo "2230"]
[EventDate "1993.10.??"]
[PlyCount "113"]

1.d4 Nf6 2.c4 g6 3.Nc3 Bg7 4.e4 d6 5.f3 O-O 6.Be3 b6 7.Bd3 Nfd7 8.Nge2 c5 
9.Qd2 Nc6 10.Bc2 e5 11.dxc5 dxc5 12.Nd5 Nd4 13.Nec3 Nb8 14.O-O-O Nbc6 15.
Bd3 a6 16.h4 b5 17.h5 Na5 18.Kb1 bxc4 19.Bf1 Ra7 20.Bh6 Bxh6 21.Qxh6 Be6 
22.Rd2 Rb7 23.Be2 Nb5 24.Nxb5 axb5 25.Rhd1 Bxd5 26.Rxd5 Qe7 27.hxg6 fxg6 
28.Qh3 Rf7 29.Qc8+ Kg7 30.Qxc5 Qxc5 31.Rxc5 Rfc7 32.Rxe5 Nc6 33.Rc5 Ne7 
34.Rxc7 Rxc7 35.Rd4 g5 36.g3 h5 37.Rd1 h4 38.f4 hxg3 39.fxg5 Rc5 40.Rg1 
Rxg5 41.Kc2 Kf6 42.Kd2 Ke5 43.Ke3 Ng6 44.a4 bxa4 45.Bxc4 Nf4 46.Bf1 g2 47.
Bxg2 Rg3+ 48.Kd2 Kd4 49.e5 Rxg2+ 50.Rxg2 Nxg2 51.e6 Ne3 52.e7 Nc4+ 53.Kc2 
Nd6 54.b3 a3 55.b4 Kc4 56.b5 Kxb5 57.Kb3 1/2-1/2

[Event "Budapest Statisztika 10"]
[Site "Budapest"]
[Date "1993.??.??"]
[Round "9"]
[White "Varga, Peter"]
[Black "Hansen, Lars Henrik Bech"]
[Result "1/2-1/2"]
[WhiteElo "2320"]
[BlackElo "2210"]
[EventDate "1993.10.??"]
[PlyCount "66"]

1.d4 d5 2.c4 c6 3.Nf3 e6 4.Qc2 f5 5.g3 Nf6 6.Bg2 Bd6 7.O-O O-O 8.Nbd2 b6 
9.Ne5 Bb7 10.Ndf3 Ne4 11.Nd3 Nd7 12.Nfe5 Qe7 13.cxd5 cxd5 14.Nxd7 Qxd7 15.
f3 Nf6 16.Ne5 Qe8 17.Bf4 Nd7 18.Nxd7 Qxd7 19.Bxd6 Qxd6 20.Rac1 Rfc8 21.Qa4
a5 22.Rfd1 Ba6 23.Kf2 Bc4 24.a3 b5 25.Qc2 a4 26.Qd2 b4 27.Qxb4 Qxb4 28.
axb4 Rab8 29.Rd2 Rxb4 30.Bf1 Rcb8 31.Ra1 Kf7 32.Ke1 Kf6 33.h4 h6 1/2-1/2

[Event "Budapest Statisztika 10"]
[Site "Budapest"]
[Date "1993.??.??"]
[Round "9"]
[White "Wohlfahrt, Herbert J"]
[Black "Anka, Emil"]
[Result "1/2-1/2"]
[WhiteElo "2230"]
[BlackElo "2395"]
[EventDate "1993.10.??"]
[PlyCount "37"]

1.Nf3 d6 2.d4 Bg4 3.e4 Nf6 4.Nc3 e6 5.h3 Bh5 6.Qe2 c6 7.g4 Bg6 8.h4 h5 9.
g5 Nfd7 10.Bh3 Be7 11.Be3 d5 12.Nd2 Bb4 13.O-O Bxc3 14.bxc3 dxe4 15.Bf4 
Nb6 16.Nxe4 Bxe4 17.Qxe4 Qd5 18.Qd3 N8d7 19.a4 1/2-1/2

[Event "Budapest Statisztika 10"]
[Site "Budapest"]
[Date "1993.??.??"]
[Round "10"]
[White "Anka, Emil"]
[Black "Hansen, Lars Henrik Bech"]
[Result "1-0"]
[WhiteElo "2395"]
[BlackElo "2210"]
[EventDate "1993.10.??"]
[PlyCount "87"]

1.e4 d6 2.d4 Nf6 3.Nc3 g6 4.Be3 c6 5.Qd2 b5 6.Bd3 Bg7 7.Bh6 O-O 8.Bxg7 
Kxg7 9.a4 b4 10.Nce2 a5 11.c3 Ba6 12.Nf3 c5 13.cxb4 Bxd3 14.Qxd3 cxb4 15.
O-O Nbd7 16.Ng3 Rc8 17.Qe3 h6 18.d5 Qb6 19.Nd4 Ng8 20.Rac1 Rxc1 21.Rxc1 
Nc5 22.b3 Kh7 23.h4 Nf6 24.h5 Qa6 25.Rd1 Qc8 26.hxg6+ fxg6 27.f3 Re8 28.
Rc1 Qa6 29.Nf1 Nfd7 30.Rd1 Qb6 31.Rd2 Ne5 32.Kh1 Qa6 33.Nh2 Rc8 34.Rd1 
Ncd7 35.f4 Rc3 36.Qf2 Nd3 37.Qh4 Nf6 38.Ng4 Ng8 39.Nxh6 Nf2+ 40.Qxf2 Nxh6 
41.Qh4 Qa7 42.f5 Qd7 43.fxg6+ Kxg6 44.Ne6 1-0